Football : Ces joueurs de Ligue 1 arrivés au mercato d'hiver - Statistiques

Statistiques générales
  • Ce quiz a été pris 69 fois
  • Le résultat moyen est 7 sur 30
Statistiques - réponses
Transfert Nationalité du joueur Joueur % Correct
À l'OM le 31/01/23 pour 32M Portugal VITINHA
95%
À Rennes le 01/01/25 pour 20M Côte d'Ivoire Seko FOFANA
52%
Au PSG le 01/01/13 pour 40M Brésil Lucas MOURA
46%
Au PSG le 31/01/13 libre Angleterre David BECKHAM
43%
Au PSG le 03/01/17 pour 36M Allemagne Julian DRAXLER
36%
Au PSG le 29/01/19 pour 30M Argentine Leandro PAREDES
36%
À Saint-Etienne le 31/01/11 en prêt Gabon Pierre-Emerick AUBAMEYANG
34%
A Monaco le 31/01/14 libre Bulgarie Dimitar BERBATOV
30%
À l'OL le 15/01/25 en prêt Argentine Thiago ALMADA
29%
Au PSG le 31/01/12 pour 11,5M Italie Thiago MOTTA
29%
À l'OM le 13/01/09 pour 6M Brésil BRANDAO
27%
À l'OL le 20/01/20 pour 20M Brésil Bruno GUIMARAES
27%
À Rennes le 08/01/25 pour 14M France Brice SAMBA
23%
Au PSG le 25/01/17 pour 30M Portugal Gonçalo GUEDES
21%
À Lille le 29/01/16 en prêt Portugal EDER
20%
Au PSG le 27/01/21 pour 5M Brésil ALEX
18%
À l 'OL le 13/01/10 pour 9M Croatie Dejan LOVREN
18%
À l'OM le 11/01/2005 pour 0,18M Nigeria Taye TAIWO
16%
À Bordeaux le 31/01/13 pour 2,8M Uruguay Diego ROLAN
14%
À Rennes le 02/01/04 pour 3,75M Suède Kim KALLSTROM
13%
À l'OL le 22/01/07 pour 2,5M République Tchèque Milan BAROS
13%
À Nantes le 02/01/02 pour 3,8M Colombie Mario YEPES
11%
À Amiens le 31/01/19 en prêt Guinée Serhou GUIRASSY
11%
À Rennes le 31/01/23 en prêt Maroc Ibrahim SALAH
9%
À Lens le 01/01/07 Serbie Milan BISEVAC
9%
À Monaco le 27/01/18 pour 20,9M Italie Pietro PELLEGRI
9%
À Monaco le 09/01/06 libre Italie Christian VIERI
4%
À Bastia le 02/02/04 en prêt Brésil Vitorino HILTON
4%
À Lens le 29/01/2005 pour 2M Brésil JUSSIE
2%
À l'OM le 01/01/03 pour 3M Russie Dmitriy SYCHEV
0%
Aucun quiz correspondant
Distribution des résultats
% des personnes avec chaque résultat
Percentile par nombre de réponses
Votre historique - résultats
Vous n’avez pas pris ce quiz